000 00408pab a2200133 454500
008 180718b2006 xxu||||| |||| 00| 0 eng d
100 _aDibben, Pauline
245 _aThe `socially excluded' and local transport decision making: voice and responsiveness in a marketized environment
260 _c2006
300 _ap.655-72.
650 _aDecision making
773 _aPublic Administration
909 _a71391
999 _c71391
_d71391